V zajatí snov [3] Osudové rozhodnutie

Bibliographic Details
Main Author: McMann, Lisa, 1968- (Author)
Other Authors: Liptáková, Ema (Translator)
Format: Book
Language:Slovak
English
Published: Bratislava Fragment 2012
Edition:1. vyd.
Series:Čítanie pre radosť a poučenie
Subjects:

MARC

LEADER 00000cam a2200000 a 4500
001 vtls010456718
003 SK-MaSNL
005 20260302050025.0
008 240318s2012 xo j 000 f slo
015 |a SNBA2012/12-05806 
020 |a 9788080896614  |q (brož.) 
035 |a 4E91DD39-271D-40A7-B003-8BF57E4C4491 
035 |a urn:nbn:sk:snk-amjlpq 
035 |a urn:nbn:sk:snk-am001wog 
040 |a SNK  |b slo  |c SNK  |e AACR2 
041 0 |a slo  |h eng 
044 |a xo  |c SK 
072 7 |a 821.111(73)-3  |x Americká próza  |2 konspekt 
072 7 |a 821-93  |x Literatúra pre deti a mládež (beletria)  |2 konspekt 
080 |a 821.111(73)-93-31  |2 2001 
080 |a (0:82-312.9)  |2 2001 
080 |a 821-93  |2 2001 
100 1 |a McMann, Lisa,  |d 1968-  |4 aut  |9 703934 
240 1 0 |a Gone  |l Slovensky 
245 1 0 |a V zajatí snov  |n [3]  |p Osudové rozhodnutie  |c Lisa McMannová ; [z anglického originálu preložila Ema Liptáková] 
246 3 0 |a Osudové rozhodnutie 
250 |a 1. vyd. 
260 |a Bratislava  |b Fragment  |c 2012 
300 |a 230 s.  |c 19 cm 
490 1 |a Čítanie pre radosť a poučenie 
521 1 |a Pre čitateľky od 13 rokov 
655 7 |a americké romány  |2 SNKPH  |9 1174 
655 7 |a fantasy romány  |2 SNKPH  |9 121434 
655 7 |a publikácie pre mládež  |2 SNKPH  |9 70434 
655 7 |a American fiction  |2 SNKPHeng  |9 281076 
655 7 |a Fantasy novels  |2 SNKPHeng  |9 248525 
655 7 |a Juvenile literature  |2 SNKPHeng  |9 278419 
700 1 |a Liptáková, Ema  |4 trl  |9 192292 
830 0 |a Čítanie pre radosť a poučenie  |9 323164 
852 |a Štátna vedecká knižnica v Banskej Bystrici 
919 |a 978-80-8089-661-4 
968 |b ENG  |d 821 
999 |c 1095607  |d 1097537 
952 |a SNK  |b SNK  |y PREZ  |7 0  |p 17A1055220  |o snkSD 80644/3  |i snk2012/21744  |8 0  |0 0  |1 0  |4 0  |d 2012-10-25  |l 0  |r 2025-12-01 00:00:00  |w 2026-02-24 
952 |a SNK  |b SNK  |y PREZ  |7 0  |p 17A1055701  |o snkSD 80644/3 D1  |i snk2012/22232  |8 0  |0 0  |1 0  |4 0  |d 2012-10-31  |f 1  |l 0  |r 2017-06-30 00:00:00  |w 2026-02-24